| 000 | 00524nam a22002177a 4500 | ||
|---|---|---|---|
| 999 |
_c7008 _d7008 |
||
| 001 | 7008 | ||
| 003 | BD-JhCC | ||
| 005 | 20180418172049.0 | ||
| 008 | 180203b xxu||||| |||| 00| 0 eng d | ||
| 035 | _a(BD-JhCC)7008 | ||
| 040 |
_aBD-JhCC _dBD-JhCC |
||
| 041 | _aeng | ||
| 082 |
_a943 _bDIN 1968 |
||
| 100 | _aDine, Paul J. | ||
| 245 |
_aA History of Germany / _cPaul J. Dine |
||
| 260 |
_aMunchen : _bMax Hueber, _c1968. |
||
| 300 |
_a335 p. : _bills; _c26 cm. |
||
| 650 | _aGermany | ||
| 942 |
_2ddc _cBK |
||